01414nam a22003497a 4500003000500000005001700005008004100022010001000063011001000073035001000083040000900093090001000102100004300112245021000155260003700365300003000402502010200432590003700534590004100571590004100612590004100653590004200694650003200736650002900768650003100797650003100828901000700859942001000866949004300876999001700919952012800936CHAP20220329141112.0971014s1996 r 00010 d a62584 a63556 a67732 cCHAP aTesis00aAlatorre Sanchez, Ruben Edgardo.93396 aEscarificación mediante el remojo en agua caliente de las semillas de Desmanthus virgatus var. depressus (Willd.) B.L. Turner, Indigofera miniata Ort. y Neptunia pubescens var. microcarpa (Rose) Windler. aMarín, N.L. :bEl autor,c1996 a55 h.b: ilus. ; gráfs. aTesis (Ing. Agr. Fitotecnista) -- Universidad Autónoma de Nuevo León. Facultad de Agronomía aALEPHb10c20130110lUCH01h1345 aBATCH-UPDb10c20130110lUCH01h1753 aBATCH-UPDb10c20130410lUCH01h1131 aBATCH-UPDb10c20130914lUCH01h1153 aCONVERSIONb10c20130109lUCH01h133414aDesmanthus virgatus.93215914aEscarificación.93747014aIndigofera miniata.95757314aNeptunia pubescens.980866 aBK cTESIS bBCcTESd-153117eTS1h31276i67732si c62584d62584 00102local4051708TESISaBCbBCcPA_TESISd2019-12-31fTESISl0oTesisp-153117r2019-12-31 00:00:00w2019-12-31yTESIS